000 00760nam a2200181 i 4500
001 152433
003 ES-MaACL
005 20230906204737.0
008 971016s1823 fr ab |||| | fre d
040 _aCAM
_bspa
_cCAM
100 1 _aBory de Saint-Vincent, Jean-Baptiste-Geneviève-Marcellin.
_9156601
245 1 0 _aGuide du voyageur en Espagne /
_cpar M. Bory de Saint-Vincent ...; avec deux cartes coloriées dresséset dessinées par l'auteur.
260 _aParis :
_bLouis Janet,
_c1823 (
_fImp. de J. Tastu)
300 _aXXXVII, 666 p., [2] h. de map. col. pleg. ;
_c20 cm.
599 _aLos mapas, cartas física y política de la Península Ibérica.
651 4 _aEspaña-
_xDescripción-
_yS.XIX.
_98185
852 _aES-MaACL
_jD-1361
_z-- Enc. tela
999 _c152433
_d152433